| 000 -LEADER |
| fixed length control field |
01684nam a22002417a 4500 |
| 003 - CONTROL NUMBER IDENTIFIER |
| control field |
OSt |
| 005 - DATE AND TIME OF LATEST TRANSACTION |
| control field |
20250701122404.0 |
| 008 - FIXED-LENGTH DATA ELEMENTS--GENERAL INFORMATION |
| fixed length control field |
180320b xxu||||| |||| 00| 0 spa d |
| 020 ## - INTERNATIONAL STANDARD BOOK NUMBER |
| International Standard Book Number |
9789874798619 |
| 040 ## - CATALOGING SOURCE |
| Transcribing agency |
PJ |
| 100 ## - ASIENTO PRINCIPAL - NOMBRE DE PERSONA |
| 9 (RLIN) |
3802 |
| Personal name |
Löffler, Ernesto Adrián |
| 245 10 - MENCIÓN DE TÍTULO |
| Título propiamente dicho |
Constitución de la provincia de Tierra de Fuego, Antártida e Islas del Atlántico Sur : |
| Parte restante del título |
comentada, anotada y concordada en base a los debates . Tomo II / |
| Mención de responsabilidad, etc |
Doctor Ernesto Adrián Loffler, coordinador Magister Francisco José Cappellotti, colaboradoras Magister Mariana Sanchéz Caparrós, Magister Paola Mangialavori y abogada Julieta Frick. |
| 260 ## - PUBLICATION, DISTRIBUTION, ETC. (IMPRINT) |
| Place of publication, distribution, etc |
Ushuaia : |
| Name of publisher, distributor, etc |
La Lenga, |
| Date of publication, distribution, etc |
2023. |
| 300 ## - DESCRIPCION FISICA |
| Extent |
556 p. |
| Dimensions |
23 cm. |
| 505 ## - FORMATTED CONTENTS NOTE |
| Formatted contents note |
PRIMERA PARTE<br/>Declaraciones, Derechos ,Deberes Garantías y Políticas Espaciales.<br/>Titulo I Declaraciones, Derechos Deberes y Garantías.<br/>SEGUNDA PARTE<br/>DERECHOS.<br/>Capitulo I<br/>1. Derechos Procesarles.<br/>Capitulo II<br/>1. Derechos Sociales.<br/>Capitulo III<br/>1. Derechos Políticos<br/>Capitulo IV <br/>1. Asociaciones y Sociedades Intermedias.<br/>TERCERA PARTE<br/>1. Deberes <br/>Titulo II<br/>Políticas Especiales del Estado,.<br/>Capitulo I<br/>1. Previsión y Seguridad y Salud.<br/>Capitulo II<br/>1. Ecología.<br/>Capitulo III<br/>1. Educación y Cultura.<br/>Capitulo IV<br/>1.Régimen Económico.<br/>Capitulo V<br/>1. Política de Recursos Naturales. |
| 650 #0 - ASIENTO SECUNDARIO DE MATERIA - TERMINO TEMATICO |
| 9 (RLIN) |
178 |
| Topical term or geographic name as entry element |
DERECHO CONSTITUCIONAL |
| 650 #0 - ASIENTO SECUNDARIO DE MATERIA - TERMINO TEMATICO |
| 9 (RLIN) |
3680 |
| Topical term or geographic name as entry element |
CONSTITUCION PROVINCIAL |
| 651 #0 - SUBJECT ADDED ENTRY--GEOGRAPHIC NAME |
| 9 (RLIN) |
2403 |
| Geographic name |
TIERRA DEL FUEGO |
| 700 ## - ADDED ENTRY--PERSONAL NAME |
| 9 (RLIN) |
3817 |
| Personal name |
Cappellotti, Francisco José |
| Relator term |
coordinador |
| 700 ## - ADDED ENTRY--PERSONAL NAME |
| 9 (RLIN) |
5498 |
| Personal name |
Sánchez Caparrós, Mariana |
| Relator term |
colaboradora |
| 700 ## - ADDED ENTRY--PERSONAL NAME |
| 9 (RLIN) |
5965 |
| Personal name |
Frick, Julieta |
| Relator term |
colaboradora |
| 942 ## - ADDED ENTRY ELEMENTS (KOHA) |
| Source of classification or shelving scheme |
|
| Koha item type |
Libros |
| Classification part |
342.4(829.0) |
| Item part |
CON |